[Event "4.liga A22 2019/2020"]
[Site "?"]
[Date "2020.03.08"]
[Round "10.4"]
[White "Kincel, Frantisek"]
[Black "Fajnor, Dusan"]
[Result "0-1"]
[WhiteElo "1798"]
[BlackElo "1611"]
[PlyCount "150"]
[EventDate "2019.10.13"]
[WhiteTeam "ŠK Šúrovce"]
[BlackTeam "ŠK Lokomotíva Trnava C"]

1. b3 c6 2. Bb2 Nf6 3. Nf3 d5 4. e3 Bf5 5. c4 e6 6. Nh4 Bxb1 7. Rxb1 Be7 8. Nf3
O-O 9. Rc1 Nbd7 10. Bd3 Rc8 11. O-O h6 12. Bb1 Bd6 13. a3 Qe7 14. b4 e5 15. c5
Bb8 16. d3 Rfd8 17. Re1 Re8 18. Qc2 Rcd8 19. Nd2 Qe6 20. Nf1 Qg4 21. Ng3 Re6
22. Qe2 Qxe2 23. Rxe2 Rde8 24. Rce1 e4 25. dxe4 Bxg3 26. hxg3 Nxe4 27. Kh2 Ndf6
28. f3 Ng5 29. Kg1 Nfh7 30. Kf2 g6 31. g4 Nf6 32. a4 b6 33. cxb6 axb6 34. Rh1
Kh7 35. Rc1 Rc8 36. Bd4 Nd7 37. Ba2 Rd6 38. Rec2 Ne6 39. Bb2 c5 40. Rd2 Ra8 41.
Rxd5 Rxd5 42. Bxd5 Rxa4 43. bxc5 Ndxc5 44. Kg3 Ra7 45. Rb1 Nd7 46. Rc1 Ndc5 47.
Bf6 Rd7 48. e4 Ra7 49. Rb1 Nd7 50. Bc3 Rc7 51. Be1 Kg7 52. Bf2 Nec5 53. Bd4+ f6
54. Be3 g5 55. Bd4 Kg6 56. f4 Rc8 57. e5 gxf4+ 58. Kxf4 fxe5+ 59. Bxe5 Nd3+ 60.
Ke4 N3xe5 61. Be6 Kg5 62. Rb5 Rc5 63. Rb1 Rc6 64. Bd5 Rc2 65. Be6 Kf6 66. Bf5
Nc5+ 67. Ke3 Nc4+ 68. Kd4 Ne6+ 69. Kd3 Nf4+ 70. Kxc2 Na3+ 71. Kb2 Nxb1 72. Kxb1
Nxg2 73. Kb2 Ne3 74. Kb3 Nxf5 75. gxf5 Kxf5 0-1

[Event "4.liga A22 2019/2020"]
[Site "?"]
[Date "2020.03.08"]
[Round "10.4"]
[White "Nemcovic, Peter"]
[Black "Sipkovsky, Ladislav"]
[Result "1/2-1/2"]
[WhiteElo "1610"]
[BlackElo "1753"]
[PlyCount "74"]
[EventDate "2019.10.13"]
[WhiteTeam "ŠK Lokomotíva Trnava C"]
[BlackTeam "ŠK Šúrovce"]

1. d4 d5 2. c4 c6 3. cxd5 cxd5 4. Nc3 g6 5. Bf4 Bg7 6. e3 Nf6 7. h3 a6 8. Bd3
Bd7 9. Qb3 Bc6 10. Nf3 Nbd7 11. Rc1 O-O 12. O-O Nh5 13. Bh2 Nhf6 14. Rc2 Re8
15. Rfc1 Qb6 16. Qa3 Bf8 17. Ne5 e6 18. Nxd7 Bxd7 19. Qb3 Qxb3 20. axb3 Rac8
21. Na4 Rxc2 22. Rxc2 Bc6 23. Nb6 Be7 24. Be5 Bd8 25. Bxa6 Nh5 26. Na8 Ba5 27.
Rxc6 bxc6 28. Bb7 f6 29. Bd6 Rd8 30. Bc5 Rb8 31. Bxc6 Rxb3 32. Ba3 Kf7 33. g4
Ng7 34. Kf1 h5 35. Ke2 Bb4 36. Ba4 Rxa3 37. bxa3 Bxa3 1/2-1/2

[Event "4.liga A22 2019/2020"]
[Site "?"]
[Date "2020.03.08"]
[Round "10.4"]
[White "Milec, Gustav"]
[Black "Moravec, Milan"]
[Result "1-0"]
[WhiteElo "1548"]
[BlackElo "1604"]
[PlyCount "55"]
[EventDate "2019.10.13"]
[WhiteTeam "ŠK Šúrovce"]
[BlackTeam "ŠK Lokomotíva Trnava C"]

1. e4 e6 2. d4 d5 3. e5 c5 4. c3 Qb6 5. f4 g6 6. Nf3 Bd7 7. Bd3 cxd4 8. cxd4
Bb4+ 9. Nc3 Bb5 10. O-O Bxd3 11. Qxd3 Bxc3 12. bxc3 Qa6 13. Qb1 Nc6 14. Bd2
Nge7 15. Qb2 Na5 16. Rfb1 b6 17. Qb4 Nc4 18. Bc1 Nc6 19. Qb3 O-O 20. g4 Ne7 21.
Qd1 Qa5 22. Rb3 b5 23. Qf1 Kg7 24. Qh3 h6 25. f5 exf5 26. Qxh6+ Kg8 27. Ng5
Rfc8 28. Qh7+ 1-0

[Event "4.liga A22 2019/2020"]
[Site "?"]
[Date "2020.03.08"]
[Round "10.4"]
[White "Dzivak, Jozef"]
[Black "Karel, Branislav"]
[Result "1-0"]
[WhiteElo "1000"]
[BlackElo "1394"]
[PlyCount "103"]
[EventDate "2019.10.13"]
[WhiteTeam "ŠK Lokomotíva Trnava C"]
[BlackTeam "ŠK Šúrovce"]

1. c4 c6 2. g3 d5 3. b3 e6 4. Bb2 Nd7 5. Bg2 Ngf6 6. Nf3 Be7 7. O-O O-O 8. d3
Qc7 9. Nbd2 Rd8 10. Qc2 Bd6 11. Rfd1 e5 12. e3 Nf8 13. Re1 Ng6 14. Rad1 Bd7 15.
c5 Bf8 16. Qc3 e4 17. dxe4 dxe4 18. Ng5 Nd5 19. Qd4 f5 20. f3 h6 21. fxe4 fxe4
22. Bxe4 Nde7 23. Rf1 Bf5 24. Qc4+ Nd5 25. Rxf5 hxg5 26. Bxd5+ cxd5 27. Rxd5
Kh7 28. Rxg5 Kh6 29. Qg4 Kh7 30. Rxg6 Kg8 31. Qe6+ Qf7 32. Qxf7+ Kxf7 33. Rg4
Bxc5 34. Rxg7+ Kf8 35. Rf1+ Ke8 36. Rg8+ Ke7 37. Rxd8 Rxd8 38. Nc4 Ke6 39. h4
b5 40. h5 bxc4 41. bxc4 Bxe3+ 42. Kg2 Rd2+ 43. Kf3 Bh6 44. Bc1 Rd3+ 45. Ke4 Rc3
46. Bxh6 Rxc4+ 47. Kd3 Ra4 48. Bd2 Ra6 49. h6 Rd6+ 50. Kc2 Rc6+ 51. Kd1 Rc7 52.
g4 1-0

[Event "4.liga A22 2019/2020"]
[Site "?"]
[Date "2020.03.08"]
[Round "10.5"]
[White "Sturdik, Igor"]
[Black "Slamena, Michal"]
[Result "0-1"]
[WhiteElo "1950"]
[BlackElo "2005"]
[PlyCount "78"]
[EventDate "2019.10.13"]
[WhiteTeam "ŠK Obecný úrad Špačince"]
[BlackTeam "ŠK Hlohovec B"]

1. e4 e5 2. Nf3 Nc6 3. d4 exd4 4. Bc4 Nf6 5. O-O Bc5 6. e5 d5 7. exf6 dxc4 8.
Re1+ Be6 9. fxg7 Rg8 10. Ng5 Qd5 11. Nxe6 fxe6 12. Qg4 O-O-O 13. Bh6 Qf5 14.
Qxf5 exf5 15. Nd2 b5 16. Re6 Nb4 17. Re5 Nxc2 18. Rc1 Nb4 19. Rxf5 Nd3 20. Rc2
Rde8 21. g4 Kd7 22. Nf3 Kc6 23. Kf1 Nb4 24. Re2 Nxa2 25. Rxe8 Rxe8 26. Rf8 Bxf8
27. gxf8=Q Rxf8 28. Bxf8 Kd5 29. Ke2 c5 30. h4 c3 31. bxc3 dxc3 32. Ne1 a5 33.
g5 b4 34. h5 b3 35. g6 hxg6 36. h6 c2 37. Nxc2 bxc2 38. h7 c1=Q 39. h8=Q Qc4+
0-1

[Event "4.liga A22 2019/2020"]
[Site "?"]
[Date "2020.03.08"]
[Round "10.5"]
[White "Tupy, Bystrik"]
[Black "Valach, Peter"]
[Result "0-1"]
[WhiteElo "1714"]
[BlackElo "1779"]
[PlyCount "110"]
[EventDate "2019.10.13"]
[WhiteTeam "ŠK Hlohovec B"]
[BlackTeam "ŠK Obecný úrad Špačince"]

1. e4 c5 2. Nf3 Nc6 3. c3 e5 4. Bb5 Qc7 5. O-O Nf6 6. d3 Be7 7. Bg5 O-O 8. Re1
h6 9. Bh4 d6 10. h3 a6 11. Ba4 b5 12. Bb3 Be6 13. Bc2 Rac8 14. Nbd2 Nh7 15. Bg3
g5 16. Nf1 f5 17. exf5 Bxf5 18. Ne3 Be6 19. Nh2 Nf6 20. Nhg4 Kg7 21. Nxf6 Bxf6
22. Qh5 Qf7 23. Qf3 Ne7 24. a4 Qe8 25. c4 b4 26. Rab1 Nc6 27. Bd1 Nd4 28. Qe4
Qg6 29. Qb7+ Rf7 30. Qxa6 Rfc7 31. Bf3 Nxf3+ 32. gxf3 Qe8 33. Qxd6 Rc6 34. Bxe5
Rxd6 35. Bxd6 Qc6 36. Bg3 Qxf3 37. Ng4 Bxg4 38. hxg4 Qxd3 39. Rbd1 Qxc4 40.
Rd7+ Kg6 41. Rd6 Rd8 42. Rb6 Qxg4 43. a5 Rd1 44. Rxd1 Qxd1+ 45. Kg2 Qd5+ 46.
Kf1 Kf5 47. a6 Bd8 48. Rd6 Qa8 49. Rxh6 Bf6 50. Rh7 Qxa6+ 51. Kg2 Qc6+ 52. Kf1
Bxb2 53. Re7 Qb5+ 54. Kg2 c4 55. Bd6 Qd5+ 0-1

[Event "4.liga A22 2019/2020"]
[Site "?"]
[Date "2020.03.08"]
[Round "10.5"]
[White "Slezak, Rudolf"]
[Black "Tupy, Emil"]
[Result "1/2-1/2"]
[WhiteElo "1705"]
[BlackElo "1606"]
[PlyCount "108"]
[EventDate "2019.10.13"]
[WhiteTeam "ŠK Obecný úrad Špačince"]
[BlackTeam "ŠK Hlohovec B"]

1. Nf3 Nf6 2. c4 g6 3. Nc3 d6 4. d4 c6 5. g3 Bg7 6. Bg2 O-O 7. O-O Nbd7 8. e4
e6 9. Bf4 Ne8 10. Qd2 Qa5 11. Rfd1 Ndf6 12. a3 Nd7 13. b4 Qd8 14. Bh6 Qe7 15.
Bxg7 Kxg7 16. Re1 Nc7 17. Rac1 Ne8 18. Re3 Nb6 19. Qe2 f6 20. c5 dxc5 21. dxc5
Nd7 22. Nd2 a5 23. Nc4 axb4 24. axb4 Rb8 25. e5 fxe5 26. Nxe5 Nxe5 27. Rxe5 Nf6
28. Bh3 Re8 29. Re1 Kf7 30. Qf3 Kg7 31. Qe3 Qf7 32. Bxe6 Bxe6 33. Rxe6 Rxe6 34.
Qxe6 Qxe6 35. Rxe6 Kf7 36. Re3 b6 37. Rf3 Kg7 38. cxb6 Rxb6 39. Rf4 Ra6 40. Rc4
Nd5 41. Nxd5 cxd5 42. Rd4 Rb6 43. Kg2 Kf6 44. f4 Ke6 45. Kf3 Kd6 46. g4 Ra6 47.
Ke3 Ra3+ 48. Rd3 Ra2 49. Rd2 Ra3+ 50. Kf2 Rb3 51. Rd4 h6 52. h4 Ke6 53. g5 hxg5
54. hxg5 Kd6 1/2-1/2

[Event "4.liga A22 2019/2020"]
[Site "?"]
[Date "2020.03.08"]
[Round "10.5"]
[White "Cebo, Vladimir"]
[Black "Sulko, Vit"]
[Result "1-0"]
[WhiteElo "1504"]
[BlackElo "1610"]
[PlyCount "71"]
[EventDate "2019.10.13"]
[WhiteTeam "ŠK Hlohovec B"]
[BlackTeam "ŠK Obecný úrad Špačince"]

1. c4 c5 2. Nc3 d6 3. Nf3 Nc6 4. e3 Nf6 5. Be2 g6 6. O-O Bg7 7. d4 cxd4 8. exd4
d5 9. Bf4 a6 10. Qd2 O-O 11. Rac1 Bg4 12. h3 Bxf3 13. Bxf3 e6 14. Bg5 Qd7 15.
Qf4 Rac8 16. Bxf6 Bxf6 17. Qxf6 dxc4 18. d5 exd5 19. Nxd5 Rfe8 20. Qc3 Re6 21.
Nf6+ Rxf6 22. Qxf6 Nd4 23. Bg4 Rc6 24. Qe5 f5 25. Be2 b5 26. Rcd1 Rd6 27. Qe3
Kf7 28. Bf3 h5 29. Kh1 Kf6 30. h4 Kf7 31. Rd2 Nxf3 32. Rxd6 Qxd6 33. Qxf3 Qe7
34. Qf4 Qe2 35. Kg1 Qxb2 36. Rd1 1-0

[Event "4.liga A22 2019/2020"]
[Site "?"]
[Date "2020.03.08"]
[Round "10.5"]
[White "Karel, Jozef"]
[Black "Motycka, Juraj"]
[Result "1-0"]
[WhiteElo "1681"]
[BlackElo "1466"]
[PlyCount "103"]
[EventDate "2019.10.13"]
[WhiteTeam "ŠK Obecný úrad Špačince"]
[BlackTeam "ŠK Hlohovec B"]

1. e4 c5 2. Nf3 e6 3. d4 cxd4 4. Nxd4 Nf6 5. Nc3 d6 6. Bc4 Nc6 7. Be3 Be7 8.
O-O Bd7 9. f4 e5 10. Ndb5 exf4 11. Bxf4 Ne5 12. Bxe5 dxe5 13. Nd6+ Bxd6 14.
Qxd6 Qb6+ 15. Qxb6 axb6 16. Rad1 O-O 17. Rxf6 gxf6 18. Rxd7 Rad8 19. Rxb7 Rb8
20. Rd7 Kg7 21. Kf2 Rbd8 22. Rd5 Rc8 23. Bb3 Rfd8 24. a4 Rxd5 25. Nxd5 Rb8 26.
c4 Rb7 27. Ke2 Kg6 28. Bc2 h6 29. Kd2 Rd7 30. Kc3 Rd6 31. Ne7+ Kg5 32. Bd3 Rd7
33. Nd5 Rb7 34. Kb4 Rd7 35. Kb5 Rd6 36. b4 h5 37. c5 bxc5 38. Kxc5 Rd8 39. Ba6
h4 40. h3 f5 41. exf5 Kxf5 42. b5 Ke6 43. Bb7 Rg8 44. a5 e4 45. a6 f5 46. a7
Ke5 47. a8=Q Rxa8 48. Bxa8 f4 49. Nc3 f3 50. gxf3 e3 51. b6 Kf4 52. Ne2+ 1-0

[Event "4.liga A22 2019/2020"]
[Site "?"]
[Date "2020.03.08"]
[Round "10.6"]
[White "Bohunicky, Ivan"]
[Black "Malar, Pavol"]
[Result "0-1"]
[WhiteElo "1877"]
[BlackElo "2067"]
[PlyCount "74"]
[EventDate "2019.10.13"]
[WhiteTeam "ŠK Dolná Krupá"]
[BlackTeam "ŠK Hlohovec A"]

1. d4 f5 2. c4 Nf6 3. Nc3 g6 4. h4 Bg7 5. h5 Nc6 6. hxg6 hxg6 7. Rxh8+ Bxh8 8.
Nf3 d5 9. cxd5 Nxd5 10. e3 e6 11. Bc4 Nb6 12. Bb5 Bd7 13. a4 a6 14. Bd3 Qe7 15.
a5 Nc8 16. g3 Nd6 17. Bd2 Qh7 18. Ke2 O-O-O 19. Na4 e5 20. dxe5 Nxe5 21. Nxe5
Bxe5 22. Bc3 Bxc3 23. Nxc3 Bc6 24. Qg1 Qh5+ 25. Ke1 Bf3 26. Qf1 Nf7 27. Be2 Ne5
28. Rd1 Rh8 29. Rd4 Bxe2 30. Rh4 Nf3+ 31. Kxe2 Nxh4+ 32. f3 Nxf3 33. Qxf3 Qh2+
34. Kd3 Qxb2 35. Nd5 Rd8 36. e4 c6 37. Qf4 cxd5 0-1

[Event "4.liga A22 2019/2020"]
[Site "?"]
[Date "2020.03.08"]
[Round "10.6"]
[White "Bisco, Igor"]
[Black "Polak, Peter"]
[Result "1/2-1/2"]
[WhiteElo "1989"]
[BlackElo "1832"]
[PlyCount "40"]
[EventDate "2019.10.13"]
[WhiteTeam "ŠK Hlohovec A"]
[BlackTeam "ŠK Dolná Krupá"]

1. e4 c5 2. Nf3 e6 3. d4 cxd4 4. Nxd4 a6 5. a3 Nf6 6. Nc3 Qc7 7. Be2 Be7 8. O-O
O-O 9. Kh1 b5 10. f4 Bb7 11. Bd3 d6 12. Qe2 Nc6 13. Nxc6 Bxc6 14. e5 Nd7 15.
exd6 Bxd6 16. Ne4 Be7 17. Be3 Nf6 18. Bd4 Nxe4 19. Bxe4 Bxe4 20. Qxe4 Rac8
1/2-1/2

[Event "4.liga A22 2019/2020"]
[Site "?"]
[Date "2020.03.08"]
[Round "10.6"]
[White "Brestovansky, Anton"]
[Black "Gajarsky, Roman"]
[Result "1/2-1/2"]
[WhiteElo "1682"]
[BlackElo "1774"]
[PlyCount "35"]
[EventDate "2019.10.13"]
[WhiteTeam "ŠK Dolná Krupá"]
[BlackTeam "ŠK Hlohovec A"]

1. d4 d5 2. c4 c6 3. e3 Bf5 4. Nc3 e6 5. Nf3 Bd6 6. h3 h5 7. Be2 Nd7 8. a3 a5
9. Bd2 Ngf6 10. c5 Bc7 11. b4 axb4 12. axb4 Ne4 13. O-O g5 14. Rxa8 Qxa8 15.
Nxe4 g4 16. Nd6+ Bxd6 17. cxd6 gxf3 18. Bxf3 1/2-1/2

[Event "4.liga A22 2019/2020"]
[Site "?"]
[Date "2020.03.08"]
[Round "10.6"]
[White "Barca, Michal"]
[Black "Petras, Stefan"]
[Result "1/2-1/2"]
[WhiteElo "1737"]
[BlackElo "1692"]
[PlyCount "61"]
[EventDate "2019.10.13"]
[WhiteTeam "ŠK Hlohovec A"]
[BlackTeam "ŠK Dolná Krupá"]

1. c4 g6 2. Nc3 Bg7 3. Nf3 d6 4. g3 Nf6 5. d4 O-O 6. Bg2 Re8 7. O-O c6 8. e4
Na6 9. e5 dxe5 10. Nxe5 Nd7 11. f4 Nxe5 12. fxe5 f6 13. d5 cxd5 14. Bxd5+ Kh8
15. exf6 exf6 16. Ne4 Nb4 17. Nf2 Nxd5 18. cxd5 f5 19. Re1 Rxe1+ 20. Qxe1 Qxd5
21. Qe8+ Qg8 22. Qe7 Qf8 23. Qc7 b6 24. Bf4 Ba6 25. Rd1 Qc8 26. Qe7 Qe8 27. Qc7
Bxb2 28. Kg2 Qc8 29. Qe7 Qe8 30. Qc7 Qc8 31. Qe7 1/2-1/2

[Event "4.liga A22 2019/2020"]
[Site "?"]
[Date "2020.03.08"]
[Round "10.6"]
[White "Bohunicky, Pavol"]
[Black "Janas, Peter"]
[Result "0-1"]
[WhiteElo "1609"]
[BlackElo "1757"]
[PlyCount "80"]
[EventDate "2019.10.13"]
[WhiteTeam "ŠK Dolná Krupá"]
[BlackTeam "ŠK Hlohovec A"]

1. e4 d5 2. exd5 Qxd5 3. Nc3 Qa5 4. d4 c6 5. Bc4 Nf6 6. Bd2 Bg4 7. Nf3 Nbd7 8.
Bb3 Qc7 9. Qe2 e6 10. h3 Bxf3 11. Qxf3 Bd6 12. O-O-O O-O 13. g4 a5 14. a3 b5
15. a4 Rab8 16. g5 Nd5 17. Ne4 bxa4 18. Bxa4 Qb6 19. b3 Ba3+ 20. Kb1 Qxd4 21.
Bc3 Qxa4 22. Ka2 Qxe4 23. Qxe4 Nxc3+ 24. Kxa3 Nxe4 25. Rxd7 Nxf2 26. Rh2 Ne4
27. h4 Nc3 28. Rd3 Nd5 29. h5 Ne7 30. g6 hxg6 31. hxg6 Nxg6 32. Rc3 Ne7 33.
Rch3 f6 34. Rh8+ Kf7 35. R8h7 Rb5 36. Rg2 Rg8 37. c4 Re5 38. Ka4 Nf5 39. Rd2
Nh6 40. Rg2 Rg5 0-1

[Event "4.liga A22 2019/2020"]
[Site "?"]
[Date "2020.06.14"]
[Round "11.1"]
[White "Bisco, Igor"]
[Black "Skreko, Igor"]
[Result "1-0"]
[WhiteElo "1985"]
[BlackElo "1761"]
[PlyCount "91"]
[EventDate "2019.10.13"]
[WhiteTeam "ŠK Hlohovec A"]
[BlackTeam "ŠK KOMPLET Trnava - Modranka juniori"]

1. e4 c5 2. Nf3 d6 3. d4 cxd4 4. Nxd4 Nf6 5. Nc3 a6 6. Bg5 e6 7. f4 Be7 8. Qf3
Qc7 9. O-O-O Nbd7 10. g4 b5 11. Bxf6 Nxf6 12. g5 Nd7 13. f5 Bxg5+ 14. Kb1 Ne5
15. Qh5 Qd8 16. Nxe6 Bxe6 17. fxe6 O-O 18. Rg1 Bf6 19. Bh3 g6 20. Nd5 Kh8 21.
Qe2 fxe6 22. Bxe6 Re8 23. Nxf6 Rxe6 24. Nd5 Rc8 25. Rgf1 Re8 26. Rf6 Nc4 27.
Rdf1 Rxe4 28. Qf2 Ne5 29. Qd2 Kg7 30. b3 Rc5 31. Nc3 Rg4 32. Nd5 Rc6 33. Rf8
Qh4 34. Nf4 Qe7 35. Qd5 Kh6 36. Ne6 Qh4 37. Qd2+ g5 38. R1f6+ Ng6 39. Rh8 Rg1+
40. Kb2 Qe1 41. Rxg6+ Kxg6 42. Qd3+ Kf6 43. Rf8+ Ke7 44. Qxh7+ Kxe6 45. Qf7+
Ke5 46. Qf5+ 1-0

[Event "4.liga A22 2019/2020"]
[Site "?"]
[Date "2020.06.14"]
[Round "11.1"]
[White "Libich, Simon"]
[Black "Gajarsky, Roman"]
[Result "0-1"]
[WhiteElo "1210"]
[BlackElo "1771"]
[PlyCount "78"]
[EventDate "2019.10.13"]
[WhiteTeam "ŠK KOMPLET Trnava - Modranka juniori"]
[BlackTeam "ŠK Hlohovec A"]

1. e4 d5 2. exd5 Qxd5 3. Nf3 Bg4 4. Nc3 Qa5 5. d4 Nf6 6. Bd2 c6 7. Be2 Nbd7 8.
O-O h6 9. h3 Bh5 10. a3 g5 11. b4 Qc7 12. b5 c5 13. Be3 Rc8 14. Qd2 g4 15. hxg4
Bxg4 16. Rfd1 Bg7 17. dxc5 Nxc5 18. Bf4 Qa5 19. Qe3 Ncd7 20. Bd6 Be6 21. Bb4
Qc7 22. Qxa7 Ne4 23. Ba5 b6 24. Bxb6 Nxb6 25. Qxc7 Rxc7 26. Nd4 Nxf2 27. Kxf2
Bxd4+ 28. Rxd4 Rxc3 29. Bd3 Bc4 30. a4 Bxd3 31. cxd3 e6 32. a5 Nd5 33. Rc4 Kd7
34. a6 Rb3 35. a7 Ra8 36. Ra5 Rxd3 37. Rb4 Nxb4 38. b6 Kc6 39. Rc5+ Kxb6 0-1

[Event "4.liga A22 2019/2020"]
[Site "?"]
[Date "2020.06.14"]
[Round "11.1"]
[White "Barca, Michal"]
[Black "Lopasovsky, Artur"]
[Result "1-0"]
[WhiteElo "1736"]
[BlackElo "1140"]
[PlyCount "39"]
[EventDate "2019.10.13"]
[WhiteTeam "ŠK Hlohovec A"]
[BlackTeam "ŠK KOMPLET Trnava - Modranka juniori"]

1. c4 e5 2. Nc3 Nf6 3. Nf3 Nc6 4. g3 g6 5. d4 exd4 6. Nxd4 Nxd4 7. Qxd4 Bg7 8.
Qe5+ Qe7 9. Qxc7 O-O 10. Bg2 Ne8 11. Qf4 Nd6 12. Nd5 Qd8 13. Qxd6 Re8 14. Bf4
Re6 15. Qb4 Bf8 16. Qd2 Rc6 17. b3 Re6 18. Nc7 Rb8 19. Nxe6 fxe6 20. Bxb8 1-0

[Event "4.liga A22 2019/2020"]
[Site "?"]
[Date "2020.06.14"]
[Round "11.1"]
[White "Machovic, Maxim"]
[Black "Janas, Peter"]
[Result "0-1"]
[WhiteElo "1067"]
[BlackElo "1763"]
[PlyCount "46"]
[EventDate "2019.10.13"]
[WhiteTeam "ŠK KOMPLET Trnava - Modranka juniori"]
[BlackTeam "ŠK Hlohovec A"]

1. e4 d5 2. Nc3 d4 3. Nb1 e5 4. d3 c5 5. Nf3 Nc6 6. g3 Be7 7. Bg2 Nf6 8. O-O
O-O 9. Bg5 Ne8 10. Bxe7 Qxe7 11. Nbd2 Nd6 12. Nb3 b6 13. Re1 Bg4 14. h3 Be6 15.
h4 f6 16. Qd2 Qf7 17. Rad1 c4 18. Nc1 b5 19. dxc4 Nxc4 20. Qd3 Nb4 21. Qb3 a5
22. c3 Ne3 23. Qa3 Nec2 0-1

[Event "4.liga A22 2019/2020"]
[Site "?"]
[Date "2020.06.14"]
[Round "11.1"]
[White "Filip, Frantisek"]
[Black "Machovicova, Alexandra"]
[Result "1-0"]
[WhiteElo "1728"]
[BlackElo "1244"]
[PlyCount "101"]
[EventDate "2019.10.13"]
[WhiteTeam "ŠK Hlohovec A"]
[BlackTeam "ŠK KOMPLET Trnava - Modranka juniori"]

1. c4 e5 2. Nc3 Nf6 3. e3 Nc6 4. Nge2 d6 5. h3 Be7 6. Ng3 Be6 7. Be2 O-O 8. d4
exd4 9. exd4 d5 10. c5 Re8 11. O-O h6 12. a3 a6 13. b4 b6 14. Be3 bxc5 15. bxc5
Rb8 16. Qc2 Qd7 17. Bxa6 Ra8 18. Be2 Reb8 19. f4 Bxh3 20. f5 Bxg2 21. Kxg2 Ra7
22. Rfb1 Rba8 23. Nb5 Ra5 24. Qd2 Rb8 25. Bf4 Ne4 26. Qe3 Nxg3 27. Qxg3 Qxf5
28. Bd3 Qf6 29. Bxc7 Rb7 30. Bxa5 Nxa5 31. Rf1 Qh4 32. Qxh4 Bxh4 33. a4 g6 34.
Ra2 Kg7 35. Re2 Nc6 36. Rf4 Bg5 37. Rf1 Bf6 38. Ref2 Bxd4 39. Nxd4 Nxd4 40. Rf4
Ne6 41. R4f3 Ng5 42. R3f2 Rc7 43. Rc1 f6 44. a5 Ne4 45. Bxe4 dxe4 46. a6 f5 47.
c6 h5 48. Rb2 Ra7 49. Rb7+ Rxb7 50. cxb7 g5 51. b8=Q 1-0

[Event "4.liga A22 2019/2020"]
[Site "?"]
[Date "2020.06.14"]
[Round "11.2"]
[White "Slamena, Michal"]
[Black "Bohunicky, Ivan"]
[Result "1-0"]
[WhiteElo "2013"]
[BlackElo "1872"]
[PlyCount "69"]
[EventDate "2019.10.13"]
[WhiteTeam "ŠK Hlohovec B"]
[BlackTeam "ŠK Dolná Krupá"]

1. e4 d5 2. exd5 Nf6 3. Nf3 Nxd5 4. d4 Bf5 5. Bc4 c6 6. O-O e6 7. Bb3 Bd6 8.
Re1 O-O 9. a3 Qc7 10. c4 Nf6 11. Nc3 Bg4 12. h3 Bh5 13. Bg5 Nbd7 14. g4 Bg6 15.
Qd2 h5 16. c5 Bxc5 17. dxc5 Nxc5 18. Bc2 Bxc2 19. Qxc2 hxg4 20. Bxf6 gxf3 21.
Be5 Qe7 22. Kh2 Qg5 23. Bg3 Rad8 24. Re5 Rd2 25. Rxg5 Rxc2 26. Rxc5 Rxb2 27.
Rb1 Rxb1 28. Nxb1 Rd8 29. Bf4 f6 30. Kg3 e5 31. Be3 e4 32. Nd2 Re8 33. h4 g6
34. Kf4 f5 35. h5 1-0

[Event "4.liga A22 2019/2020"]
[Site "?"]
[Date "2020.06.14"]
[Round "11.2"]
[White "Tupy, Emil"]
[Black "Petras, Stefan"]
[Result "1/2-1/2"]
[WhiteElo "1609"]
[BlackElo "1693"]
[PlyCount "73"]
[EventDate "2019.10.13"]
[WhiteTeam "ŠK Hlohovec B"]
[BlackTeam "ŠK Dolná Krupá"]

1. Nf3 g6 2. d4 Bg7 3. e4 d6 4. c3 Nf6 5. Bd3 O-O 6. O-O c6 7. Re1 Bg4 8. h3
Bxf3 9. Qxf3 Nbd7 10. Bg5 Qa5 11. Bd2 e5 12. b4 Qc7 13. Be3 d5 14. Nd2 Rfe8 15.
Rac1 a6 16. c4 dxe4 17. Nxe4 Nxe4 18. Bxe4 exd4 19. Bf4 Qd8 20. Bd3 Qf6 21. Qg3
Qd8 22. c5 Nf6 23. Bg5 h6 24. Bxf6 Bxf6 25. Bc4 Kg7 26. Qf3 Qc7 27. Rcd1 Rxe1+
28. Rxe1 Rd8 29. Rd1 Qe7 30. Kf1 Qe5 31. Re1 Qc7 32. Rd1 Qh2 33. g4 Re8 34.
Rxd4 Qe5 35. Rd1 Qe4 36. Qxe4 Rxe4 37. Bb3 1/2-1/2

[Event "4.liga A22 2019/2020"]
[Site "?"]
[Date "2020.06.14"]
[Round "11.2"]
[White "Bohunicky, Pavol"]
[Black "Jancicka, Viliam"]
[Result "1-0"]
[WhiteElo "1586"]
[BlackElo "1574"]
[PlyCount "49"]
[EventDate "2019.10.13"]
[WhiteTeam "ŠK Dolná Krupá"]
[BlackTeam "ŠK Hlohovec B"]

1. e4 c5 2. Nf3 Nc6 3. d4 cxd4 4. Nxd4 d6 5. Nc3 a6 6. Bc4 e6 7. O-O Bd7 8. Be3
Ne5 9. Bb3 Be7 10. f4 Nc6 11. Qf3 g6 12. f5 Ne5 13. Qe2 Nf6 14. fxe6 fxe6 15.
Nxe6 Bxe6 16. Bxe6 Rf8 17. Kh1 b5 18. Bh6 Ned7 19. Bxf8 Nxf8 20. Bb3 N8d7 21.
Nd5 Ne5 22. Nxe7 Qxe7 23. Rf4 Kd7 24. Raf1 Rf8 25. Qf2 1-0

[Event "4.liga A22 2019/2020"]
[Site "?"]
[Date "2020.06.14"]
[Round "11.2"]
[White "Motycka, Juraj"]
[Black "Rendek, Jozef"]
[Result "1-0"]
[WhiteElo "1457"]
[BlackElo "1536"]
[PlyCount "65"]
[EventDate "2019.10.13"]
[WhiteTeam "ŠK Hlohovec B"]
[BlackTeam "ŠK Dolná Krupá"]

1. e4 e5 2. Nf3 Nc6 3. Bb5 d6 4. O-O Bd7 5. c3 a6 6. Ba4 Nf6 7. Re1 Ne7 8. Bb3
Bc6 9. d3 h6 10. Nbd2 Ng6 11. Nf1 Be7 12. Ng3 O-O 13. d4 exd4 14. cxd4 Nh7 15.
Bd2 Ng5 16. d5 Bd7 17. Nxg5 Bxg5 18. Bxg5 Qxg5 19. Rc1 Rac8 20. Rc3 Ne5 21. Qc1
c6 22. f4 Qg4 23. fxe5 dxe5 24. Qe3 h5 25. Bd1 Qh4 26. Bxh5 f5 27. Qe2 g6 28.
Nxf5 gxf5 29. Rg3+ Kh7 30. Bg6+ Kh6 31. Rh3 Qxh3 32. gxh3 Kxg6 33. exf5+ 1-0

[Event "4.liga A22 2019/2020"]
[Site "?"]
[Date "2020.06.14"]
[Round "11.3"]
[White "Lukacovic, Miroslav"]
[Black "Sturdik, Igor"]
[Result "0-1"]
[WhiteElo "1908"]
[BlackElo "1942"]
[PlyCount "48"]
[EventDate "2019.10.13"]
[WhiteTeam "ŠK Šúrovce"]
[BlackTeam "ŠK Obecný úrad Špačince"]

1. d4 Nf6 2. c4 c5 3. d5 e6 4. Nc3 exd5 5. cxd5 d6 6. e4 g6 7. h3 Bg7 8. Nf3
O-O 9. Bd3 b5 10. O-O c4 11. Bc2 b4 12. Ne2 Ba6 13. Re1 Re8 14. Ng3 Nbd7 15.
Ba4 Re7 16. Nd4 Bb7 17. Bf4 Nc5 18. Bc2 Qb6 19. Be3 Nfd7 20. f4 Rae8 21. Bf2
Nd3 22. Nge2 Nxf2 23. Kxf2 Nc5 24. Kf1 Nxe4 0-1

[Event "4.liga A22 2019/2020"]
[Site "?"]
[Date "2020.06.14"]
[Round "11.3"]
[White "Valach, Peter"]
[Black "Bukovsky, Milan"]
[Result "1/2-1/2"]
[WhiteElo "1787"]
[BlackElo "1874"]
[PlyCount "38"]
[EventDate "2019.10.13"]
[WhiteTeam "ŠK Obecný úrad Špačince"]
[BlackTeam "ŠK Šúrovce"]

1. Nf3 Nf6 2. c4 c5 3. Nc3 Nc6 4. g3 d5 5. cxd5 Nxd5 6. Bg2 Nxc3 7. bxc3 g6 8.
d4 Bg7 9. Bb2 cxd4 10. cxd4 Qa5+ 11. Kf1 Bf5 12. h4 Rd8 13. Qb3 Qb4 14. Qxb4
Nxb4 15. a3 Nc6 16. Rd1 O-O 17. e3 Be4 18. Nd2 Bxg2+ 19. Kxg2 Rd7 1/2-1/2

[Event "4.liga A22 2019/2020"]
[Site "?"]
[Date "2020.06.14"]
[Round "11.3"]
[White "Kincel, Frantisek"]
[Black "Slezak, Rudolf"]
[Result "1-0"]
[WhiteElo "1783"]
[BlackElo "1702"]
[PlyCount "105"]
[EventDate "2019.10.13"]
[WhiteTeam "ŠK Šúrovce"]
[BlackTeam "ŠK Obecný úrad Špačince"]

1. b3 d5 2. Bb2 Nc6 3. e3 e5 4. Bb5 Bd6 5. Nf3 Qe7 6. O-O Nf6 7. c4 a6 8. Bxc6+
bxc6 9. c5 Bxc5 10. Nxe5 Bd7 11. Nxd7 Qxd7 12. Bxf6 gxf6 13. Qf3 Be7 14. Nc3
Rg8 15. Ne2 Qg4 16. Qxg4 Rxg4 17. Rac1 c5 18. Ng3 Kd7 19. Nf5 Bd6 20. Nxd6 cxd6
21. f4 Rag8 22. g3 h5 23. Kf2 h4 24. Rg1 hxg3+ 25. Rxg3 f5 26. Rcg1 Ke6 27. Kf3
R4g6 28. Rc1 Rh8 29. h3 Rc8 30. b4 c4 31. Rc3 Rcg8 32. Rxg6+ fxg6 33. Ra3 Ra8
34. Ra5 Rb8 35. a3 Rb6 36. Kg3 Rc6 37. a4 Rb6 38. b5 axb5 39. Rxb5 Ra6 40. a5
Ra8 41. Kh4 Ra7 42. Kg3 Ra8 43. Kf2 Rh8 44. a6 Ra8 45. Ra5 d4 46. exd4 d5 47.
a7 Kf6 48. Ke2 Ke6 49. Kd1 Kf7 50. Kc2 Ke6 51. Kc3 Kd6 52. Ra6+ Kc7 53. Rxg6
1-0